Statistics for Name that vegetable

Click here to take the quiz!

General Stats

  • This quiz has been taken 85 times
  • The average score is 7 of 11

Answer Stats

Answer% Correct
carrot
100%
broccoli
100%
cucumber
97%
peas
90%
celery
88%
radish
85%
aubergine
43%
lentil
40%
soybean
15%
mallow
1%
bok choy
1%

Score Distribution

Percentile by Number Answered

Percent of People with Each Score

Your Score History

You have not taken this quiz